000 00317nam a2200133Ia 4500
008 100328s9999 xx 000 0 und d
082 _b977
100 _aChilton Charles
245 _aJourny Into Space
260 _bHerhert Jenkins
630 _aJourny Into Space
730 _aJourny Into Space
942 _cBOOK
999 _c497274
_d497271